000 00820nam a2200265Ia 4500
001 21629
005 20260320113300.0
008 260320s9999||||xx |||||||||||||| ||und||
020 _a9681801539
041 _aESP
082 _a658.3
_bR47 P. 1
100 _aReyes Ponce, Agustín,
_eAUT
245 0 _aAdministración de personal :
_brelaciones humanas
246 _a
_5
_b
250 _aPrimera edición, vigesimoprimera reimpresión
260 _aMéxico, D. F. :
_bLimusa,
_c1991
300 _a245 páginas :
_b
_c23 cm.
_e
440 _a
_n
_v
650 _aTCA
653 _aAdministración de personal; Recursos humanos
654 _aCAN
700 _a
_c
856 _uhttps://ebooks7-24-com.ucsp.lookproxy.com/stage.aspx?il=&pg=&ed=
_zVéase además: Base de datos Ebook7-24
942 _cLIB
_dJUS
_fTRC
_2ddc
_n
999 _c21629
_d21629